[Event "NB I. Charousek csoport"]
[Site "Ajka"]
[Date "2023.10.15"]
[Round "2.10"]
[White "Kozma, Karoly"]
[Black "Kaloczi, Kristof"]
[Result "1-0"]
[WhiteElo "2204"]
[BlackElo "2086"]
[PlyCount "101"]
[EventDate "2023.10.08"]
[EventType "team-tourn"]
[EventRounds "11"]
[EventCountry "HUN"]
[Source "chess.hu"]
[WhiteTeam "Sentimento Ajka BSK"]
[BlackTeam "MTK Budapest"]
[WhiteTeamCountry "HUN"]
[BlackTeamCountry "HUN"]

1. Nf3 d5 2. b3 Nf6 3. Bb2 Bf5 4. g3 e6 5. Bg2 h6 6. O-O Be7 7. d3 O-O 8. Nbd2
c5 9. Ne5 Nbd7 10. e4 dxe4 11. dxe4 Bh7 12. Qe2 Qc7 13. Ndc4 Rad8 14. a4 Nb8
15. Rfe1 Ne8 16. h4 Nd6 17. Nxd6 Bxd6 18. Ng4 e5 19. Ne3 Nc6 20. Nd5 Qb8 21.
Qc4 Kh8 22. Rad1 f5 23. exf5 Bxf5 24. Ne3 Nd4 25. Nxf5 Rxf5 26. c3 Nf3+ 27.
Bxf3 Rxf3 28. Qd5 Rff8 29. c4 Bc7 30. Qe4 Rxd1 31. Rxd1 b6 32. Rd7 Rd8 33. Qc6
Bd6 34. Qb7 Rxd7 35. Qxd7 Qc7 36. Qe8+ Kh7 37. h5 Be7 38. Qg6+ Kh8 39. f4 Qd7
40. Bxe5 Qd1+ 41. Kf2 Qd2+ 42. Kf3 Qd1+ 43. Ke4 Bf8 44. Qxh6+ Kg8 45. Qe6+ Kh8
46. Qf7 Qb1+ 47. Kd5 Qh1+ 48. Ke6 Qc6+ 49. Kf5 Qc8+ 50. Kg5 Qd8+ 51. Kg6 1-0

[Event "NB I. Charousek csoport"]
[Site "Ajka"]
[Date "2023.10.15"]
[Round "2.11"]
[White "Birovecz, Ben Jordan"]
[Black "Kosztolanczi, Gyula"]
[Result "1/2-1/2"]
[WhiteElo "1978"]
[BlackElo "2063"]
[PlyCount "73"]
[EventDate "2023.10.08"]
[EventType "team-tourn"]
[EventRounds "11"]
[EventCountry "HUN"]
[Source "chess.hu"]
[WhiteTeam "MTK Budapest"]
[BlackTeam "Sentimento Ajka BSK"]
[WhiteTeamCountry "HUN"]
[BlackTeamCountry "HUN"]

1. d4 d5 2. c4 e6 3. Nc3 Nf6 4. cxd5 exd5 5. Bg5 Be7 6. e3 c6 7. Bd3 O-O 8.
Nge2 Nbd7 9. Qc2 Re8 10. O-O Nf8 11. f3 b5 12. a3 a5 13. e4 dxe4 14. fxe4 Bg4
15. e5 Bxe2 16. Nxe2 Nd5 17. Bxe7 Nxe7 18. Rf3 Nfg6 19. Raf1 Rf8 20. Be4 Rc8
21. b4 axb4 22. axb4 Qd7 23. Qb3 Qe6 24. Qd3 Rcd8 25. Nf4 Qa2 26. Bxg6 hxg6 27.
e6 Nf5 28. exf7+ Qxf7 29. d5 cxd5 30. Nxg6 Qxg6 31. Rxf5 Qb6+ 32. Kh1 Qc6 33.
h3 Qc4 34. Rxf8+ Rxf8 35. Rxf8+ Kxf8 36. Qf5+ Ke7 37. Qe5+ 1/2-1/2

[Event "NB I. Charousek csoport"]
[Site "Ajka"]
[Date "2023.10.15"]
[Round "2.12"]
[White "Halmavanszki, Dora"]
[Black "Broderick, Tamas"]
[Result "0-1"]
[WhiteElo "1461"]
[BlackElo "1840"]
[PlyCount "140"]
[EventDate "2023.10.08"]
[EventType "team-tourn"]
[EventRounds "11"]
[EventCountry "HUN"]
[Source "chess.hu"]
[WhiteTeam "Sentimento Ajka BSK"]
[BlackTeam "MTK Budapest"]
[WhiteTeamCountry "HUN"]
[BlackTeamCountry "HUN"]

1. e4 c5 2. Nc3 Nc6 3. Nf3 e6 4. d4 cxd4 5. Nxd4 Nf6 6. Nxc6 bxc6 7. Bg5 Qa5 8.
Bd2 Qc7 9. Bd3 d5 10. exd5 exd5 11. Qe2+ Be7 12. h3 Rb8 13. Rb1 O-O 14. O-O h6
15. Qf3 Qd8 16. Bf4 Bd6 17. Rfe1 Be6 18. Bxd6 Qxd6 19. Bf5 Rfe8 20. Bxe6 fxe6
21. b3 e5 22. Rbd1 Qc5 23. Rd2 Rbd8 24. Na4 Qa5 25. Qc3 Qxc3 26. Nxc3 Kf7 27.
Rde2 Nd7 28. Nb1 Kf6 29. Nd2 g5 30. Nf3 a6 31. Nh2 h5 32. Nf3 Re7 33. h4 g4 34.
Nd4 Rc8 35. b4 Rf7 36. Nb3 Kf5 37. Nd2 Re8 38. f4 e4 39. Nb3 Ke6 40. g3 Kd6 41.
Kg2 Nb6 42. Rd1 Na4 43. Re3 Nb2 44. Rd4 Nc4 45. Re1 Kc7 46. Nd2 Nxd2 47. Rxd2
Rd7 48. Rd4 Red8 49. Kf2 Kb6 50. Red1 a5 51. bxa5+ Kxa5 52. Rb1 c5 53. Rdd1 d4
54. Rb2 c4 55. Rdb1 Rd5 56. Rb7 R8d6 57. Ra7+ Ra6 58. Rxa6+ Kxa6 59. Ke2 c3 60.
Rd1 Kb5 61. f5 Kc4 62. Rf1 d3+ 63. Kd1 dxc2+ 64. Kxc2 Rd2+ 65. Kb1 Rb2+ 66. Ka1
e3 67. a4 Rf2 68. Re1 e2 69. Ka2 Kd3 70. a5 Rxf5 0-1

[Event "NB I. Charousek csoport"]
[Site "Szombathely"]
[Date "2023.10.15"]
[Round "2.1"]
[White "Pribelszky, Bence"]
[Black "Csonka, Attila Istvan"]
[Result "1-0"]
[WhiteElo "2399"]
[BlackElo "2297"]
[PlyCount "117"]
[EventDate "2023.10.08"]
[EventType "team-tourn"]
[EventRounds "11"]
[EventCountry "HUN"]
[Source "chess.hu"]
[WhiteTeam "Biatorbagy II"]
[BlackTeam "Haladas VSE II."]
[WhiteTeamCountry "HUN"]
[BlackTeamCountry "HUN"]

1. e4 c5 2. Nf3 e6 3. d4 cxd4 4. Nxd4 Nc6 5. Nc3 Qc7 6. Be3 a6 7. Be2 Nf6 8.
O-O Bb4 9. Na4 Be7 10. Nxc6 bxc6 11. Nb6 Rb8 12. Nxc8 Qxc8 13. Bd4 c5 14. Be5
Rb6 15. Qd3 d6 16. Bc3 O-O 17. b3 Nd7 18. Rad1 Bf6 19. Be1 c4 20. Qxc4 Rc6 21.
Qa4 Rxc2 22. Bxa6 Nc5 23. Bxc8 Nxa4 24. Ba6 Nc5 25. Bc4 Rxa2 26. f3 Rb2 27. b4
Na4 28. Rxd6 Rc8 29. Bd3 Nc3 30. Ba6 Rb8 31. Rc6 Ne2+ 32. Bxe2 Rxe2 33. Bg3
Bd4+ 34. Kh1 e5 35. Rb1 h5 36. Rc4 Ra8 37. b5 Rb2 38. Rcc1 f6 39. Rxb2 Bxb2 40.
Rb1 Bd4 41. h4 Kf7 42. b6 Rb8 43. b7 Ke6 44. f4 Kd6 45. fxe5+ fxe5 46. Rd1 Kc5
47. Bxe5 Bxe5 48. Rd5+ Kc4 49. Rxe5 Rxb7 50. Rxh5 Kd4 51. e5 Kd5 52. Kh2 Ke6
53. Rg5 Kf7 54. Kh3 g6 55. e6+ Kf6 56. Rg3 Rb4 57. Re3 Ke7 58. g3 Ra4 59. Kg2
1-0

[Event "NB I. Charousek csoport"]
[Site "Szombathely"]
[Date "2023.10.15"]
[Round "2.2"]
[White "Kiss, Attila"]
[Black "Szeberenyi, Adam"]
[Result "1/2-1/2"]
[WhiteElo "2295"]
[BlackElo "2308"]
[PlyCount "25"]
[EventDate "2023.10.08"]
[EventType "team-tourn"]
[EventRounds "11"]
[EventCountry "HUN"]
[Source "chess.hu"]
[WhiteTeam "Haladas VSE II."]
[BlackTeam "Biatorbagy II"]
[WhiteTeamCountry "HUN"]
[BlackTeamCountry "HUN"]

1. e4 c5 2. Nf3 e6 3. d4 cxd4 4. Nxd4 Nf6 5. Nc3 Nc6 6. Ndb5 Bb4 7. a3 Bxc3+ 8.
Nxc3 d5 9. exd5 exd5 10. Bd3 O-O 11. O-O d4 12. Ne2 Bg4 13. Bg5 1/2-1/2

[Event "NB I. Charousek csoport"]
[Site "Szombathely"]
[Date "2023.10.15"]
[Round "2.3"]
[White "Fodor, Istvan"]
[Black "Gombocz, Ferenc Jr"]
[Result "1/2-1/2"]
[WhiteElo "2321"]
[BlackElo "2314"]
[PlyCount "92"]
[EventDate "2023.10.08"]
[EventType "team-tourn"]
[EventRounds "11"]
[EventCountry "HUN"]
[Source "chess.hu"]
[WhiteTeam "Biatorbagy II"]
[BlackTeam "Haladas VSE II."]
[WhiteTeamCountry "HUN"]
[BlackTeamCountry "HUN"]

1. Nf3 d5 2. d4 Nf6 3. c4 dxc4 4. e3 Bg4 5. Bxc4 e6 6. Nc3 Nc6 7. h3 Bh5 8. Bb5
Bd6 9. e4 Nd7 10. Be3 O-O 11. g4 Bg6 12. a3 Nb6 13. h4 f5 14. Ng5 Bf7 15. Qd3
f4 16. Bd2 e5 17. Ne2 h6 18. Nxf7 Rxf7 19. g5 Nxd4 20. Nxd4 exd4 21. Qxd4 c5
22. Qd3 Be5 23. Qxd8+ Rxd8 24. O-O-O Rff8 25. gxh6 gxh6 26. Ba5 Bd4 27. f3 Kh7
28. Kc2 h5 29. Bxb6 axb6 30. Bc4 Rd7 31. Rhg1 Rg7 32. Rxg7+ Kxg7 33. Rd2 Rf6
34. Re2 Be5 35. Rd2 Bd4 36. b3 Rg6 37. Bf1 Rg1 38. Rg2+ Rxg2+ 39. Bxg2 Bf6 40.
Kd3 b5 41. Bh3 Bxh4 42. Bc8 b6 43. Bd7 b4 44. axb4 cxb4 45. Be8 Kf6 46. Bxh5
Ke5 1/2-1/2

[Event "NB I. Charousek csoport"]
[Site "Szombathely"]
[Date "2023.10.15"]
[Round "2.4"]
[White "Nagy, Bence"]
[Black "Szikszai, Bertalan"]
[Result "1/2-1/2"]
[WhiteElo "2315"]
[BlackElo "2263"]
[PlyCount "50"]
[EventDate "2023.10.08"]
[EventType "team-tourn"]
[EventRounds "11"]
[EventCountry "HUN"]
[Source "chess.hu"]
[WhiteTeam "Haladas VSE II."]
[BlackTeam "Biatorbagy II"]
[WhiteTeamCountry "HUN"]
[BlackTeamCountry "HUN"]

1. e4 c5 2. Nc3 Nc6 3. g3 g6 4. Bg2 Bg7 5. d3 e6 6. Be3 d6 7. Qd2 Nd4 8. Nce2
Ne7 9. c3 Nxe2 10. Nxe2 h5 11. O-O-O Qa5 12. Kb1 Bd7 13. h3 Bc6 14. f4 d5 15.
Nc1 d4 16. cxd4 Qxd2 17. Bxd2 cxd4 18. g4 Rc8 19. Nb3 Bb5 20. Bb4 Nc6 21. Bd6
e5 22. Nc5 Rd8 23. Bc7 Rc8 24. Bd6 Rd8 25. Bc7 Rc8 1/2-1/2

[Event "NB I. Charousek csoport"]
[Site "Szombathely"]
[Date "2023.10.15"]
[Round "2.5"]
[White "Szakmary, Domonkos"]
[Black "Sardy, Peter Dr"]
[Result "0-1"]
[WhiteElo "1956"]
[BlackElo "2396"]
[PlyCount "76"]
[EventDate "2023.10.08"]
[EventType "team-tourn"]
[EventRounds "11"]
[EventCountry "HUN"]
[Source "chess.hu"]
[WhiteTeam "Biatorbagy II"]
[BlackTeam "Haladas VSE II."]
[WhiteTeamCountry "HUN"]
[BlackTeamCountry "HUN"]

1. e4 c5 2. Nf3 e6 3. d4 cxd4 4. Bg5 Ne7 5. Nxd4 a6 6. Nc3 Qb6 7. Qd2 Nbc6 8.
Nb3 Ng6 9. O-O-O Qc7 10. Kb1 d6 11. Be3 Rb8 12. f4 Be7 13. Qf2 b5 14. g4 Bd7
15. h4 b4 16. Ne2 h5 17. g5 a5 18. Ned4 a4 19. Nc1 Nxd4 20. Bxd4 e5 21. f5 Nf4
22. Be3 a3 23. Bxf4 axb2 24. Nb3 exf4 25. Qxf4 Ra8 26. f6 gxf6 27. Bh3 Bxh3 28.
Rxh3 Qa7 29. Kxb2 Qa3+ 30. Kb1 Qxa2+ 31. Kc1 Rc8 32. Qd2 fxg5 33. Rg1 g4 34.
Rd3 Bxh4 35. Rg2 Rg8 36. Kd1 Bg5 37. Qxb4 Qb1+ 38. Ke2 Rxc2+ 0-1

[Event "NB I. Charousek csoport"]
[Site "Szombathely"]
[Date "2023.10.15"]
[Round "2.6"]
[White "Farkas, Gabor"]
[Black "Felmery, Mate"]
[Result "1/2-1/2"]
[WhiteElo "2296"]
[BlackElo "2158"]
[PlyCount "120"]
[EventDate "2023.10.08"]
[EventType "team-tourn"]
[EventRounds "11"]
[EventCountry "HUN"]
[Source "chess.hu"]
[WhiteTeam "Haladas VSE II."]
[BlackTeam "Biatorbagy II"]
[WhiteTeamCountry "HUN"]
[BlackTeamCountry "HUN"]

1. d4 Nf6 2. Nc3 d5 3. Bf4 c5 4. e4 Nxe4 5. Nxe4 dxe4 6. dxc5 Qxd1+ 7. Rxd1 Nc6
8. Bb5 Bd7 9. Ne2 e5 10. Bxc6 Bxc6 11. Bxe5 Bxc5 12. Bxg7 Rg8 13. Bd4 Bxd4 14.
Nxd4 Rxg2 15. Nxc6 bxc6 16. Rd4 f5 17. Ke2 Rd8 18. Rc4 Rd6 19. Rc5 Rf6 20. Re5+
Kf7 21. Rd1 Rxh2 22. Rd7+ Kg6 23. Ree7 h5 24. Rxa7 Kg5 25. a4 Kf4 26. Rad7 Rg6
27. Rd1 Rg3 28. Rf1 Re3+ 29. Kd1 Reh3 30. Ke2 Rh1 31. Rg7 Rxf1 32. Kxf1 Rh1+
33. Kg2 Rc1 34. Rb7 Rxc2 35. Rb3 Rc5 36. Ra3 Ra5 37. b4 Ra7 38. a5 h4 39. Kh3
Rb7 40. Rb3 Kg5 41. Rb1 Rd7 42. Ra1 Rd3+ 43. Kh2 Kg4 44. a6 Rd8 45. a7 Ra8 46.
Ra3 f4 47. Kg2 e3 48. fxe3 fxe3 49. Rxe3 Rxa7 50. Re4+ Kg5 51. Rc4 Ra6 52. Kh3
Kf6 53. Rxh4 Ke6 54. Kg3 Kd5 55. Kf3 Ra3+ 56. Ke2 Rc3 57. Kd2 Rc4 58. Rh5+ Kd6
59. b5 c5 60. b6 Kc6 1/2-1/2

[Event "NB I. Charousek csoport"]
[Site "Szombathely"]
[Date "2023.10.15"]
[Round "2.7"]
[White "Erdos, Boglarka"]
[Black "Lakos, Nikoletta"]
[Result "1/2-1/2"]
[WhiteElo "2097"]
[BlackElo "2210"]
[PlyCount "50"]
[EventDate "2023.10.08"]
[EventType "team-tourn"]
[EventRounds "11"]
[EventCountry "HUN"]
[Source "chess.hu"]
[WhiteTeam "Biatorbagy II"]
[BlackTeam "Haladas VSE II."]
[WhiteTeamCountry "HUN"]
[BlackTeamCountry "HUN"]

1. e4 d6 2. d4 e5 3. dxe5 dxe5 4. Qxd8+ Kxd8 5. Nc3 c6 6. f4 Nd7 7. Bc4 f6 8.
Nf3 Bd6 9. Bd2 Ne7 10. O-O-O Kc7 11. g3 h6 12. Be3 Nb6 13. fxe5 fxe5 14. Rxd6
Nxc4 15. Rd3 Nxe3 16. Rxe3 Ng6 17. Nh4 Nxh4 18. gxh4 g5 19. hxg5 hxg5 20. Rg3
g4 21. Nd1 Be6 22. Ne3 Rh4 23. Nf5 Bxf5 24. exf5 Rf8 25. Rf1 Rxh2 1/2-1/2

[Event "NB I. Charousek csoport"]
[Site "Szombathely"]
[Date "2023.10.15"]
[Round "2.8"]
[White "Csontos, Aron"]
[Black "Jamrich, Gyorgy"]
[Result "1/2-1/2"]
[WhiteElo "2155"]
[BlackElo "2133"]
[PlyCount "97"]
[EventDate "2023.10.08"]
[EventType "team-tourn"]
[EventRounds "11"]
[EventCountry "HUN"]
[Source "chess.hu"]
[WhiteTeam "Haladas VSE II."]
[BlackTeam "Biatorbagy II"]
[WhiteTeamCountry "HUN"]
[BlackTeamCountry "HUN"]

1. e4 c6 2. Nf3 d5 3. d3 Bg4 4. h3 Bxf3 5. Qxf3 e6 6. g3 Nf6 7. Bg2 Be7 8. O-O
O-O 9. Be3 d4 10. Bc1 c5 11. Qe2 Nc6 12. Nd2 Rc8 13. f4 b5 14. Nf3 c4 15. g4
cxd3 16. cxd3 Nb4 17. Bd2 Qb6 18. Ne5 Rfd8 19. g5 Nd7 20. Nxd7 Rxd7 21. f5 Nc2
22. Rac1 Rdc7 23. f6 Bf8 24. fxg7 Bxg7 25. Bf3 Ne3 26. Rxc7 Rxc7 27. Bxe3 dxe3
28. Kg2 Qd4 29. Bh5 Qxb2 30. Qxb2 Bxb2 31. Re1 Bd4 32. Kf3 a5 33. e5 Bxe5 34.
Rxe3 Bd4 35. Re2 b4 36. Ke4 e5 37. Rg2 Rc1 38. Rd2 Bc3 39. Rd1 Rxd1 40. Bxd1
Kg7 41. Kf5 h6 42. h4 hxg5 43. hxg5 Kf8 44. g6 fxg6+ 45. Kxg6 Ke7 46. Kf5 Kd6
47. Ke4 Kc5 48. Ba4 Bb2 49. Be8 1/2-1/2

[Event "NB I. Charousek csoport"]
[Site "Szombathely"]
[Date "2023.10.15"]
[Round "2.9"]
[White "Farkas, Otto Jr"]
[Black "Nemeth, Denes"]
[Result "1-0"]
[WhiteElo "2048"]
[BlackElo "2215"]
[PlyCount "67"]
[EventDate "2023.10.08"]
[EventType "team-tourn"]
[EventRounds "11"]
[EventCountry "HUN"]
[Source "chess.hu"]
[WhiteTeam "Biatorbagy II"]
[BlackTeam "Haladas VSE II."]
[WhiteTeamCountry "HUN"]
[BlackTeamCountry "HUN"]

1. e4 c5 2. Nf3 d6 3. d4 cxd4 4. Nxd4 Nf6 5. Nc3 g6 6. Be3 Bg7 7. f3 O-O 8. Qd2
Nc6 9. O-O-O Bd7 10. g4 Rc8 11. Kb1 Ne5 12. h4 h5 13. g5 Ne8 14. f4 Ng4 15. Bg1
Nc7 16. Nde2 b5 17. Ng3 b4 18. Nd5 Nxd5 19. exd5 Qa5 20. b3 Rc7 21. Bg2 Rfc8
22. Be4 e6 23. dxe6 Bxe6 24. Bd4 d5 25. Bxg7 dxe4 26. Bb2 Rxc2 27. Qd4 f6 28.
gxf6 Bf7 29. Nxe4 Re2 30. Ng5 Qc7 31. Rc1 Rc2 32. Nxf7 Kxf7 33. Rhe1 Kf8 34. f7
1-0

[Event "NB I. Charousek csoport"]
[Site "Szombathely"]
[Date "2023.10.15"]
[Round "2.10"]
[White "Gombocz, Zsofia"]
[Black "Makay, Mark Janos"]
[Result "1/2-1/2"]
[WhiteElo "2128"]
[BlackElo "2012"]
[PlyCount "104"]
[EventDate "2023.10.08"]
[EventType "team-tourn"]
[EventRounds "11"]
[EventCountry "HUN"]
[Source "chess.hu"]
[WhiteTeam "Haladas VSE II."]
[BlackTeam "Biatorbagy II"]
[WhiteTeamCountry "HUN"]
[BlackTeamCountry "HUN"]

1. e4 c5 2. Nf3 e6 3. c4 Nc6 4. Nc3 e5 5. Be2 d6 6. d3 f5 7. exf5 Bxf5 8. Bg5
Be7 9. Bxe7 Ngxe7 10. Nh4 Be6 11. Bh5+ g6 12. Bg4 Qd7 13. h3 O-O 14. Ne4 h6 15.
Qd2 Kg7 16. Nf3 Nf5 17. h4 Nfd4 18. Nxd4 Nxd4 19. Bd1 Rf4 20. f3 Qe7 21. Qf2
Raf8 22. Qg3 Nf5 23. Qf2 Nxh4 24. Nd2 Nf5 25. g3 Rd4 26. g4 Rxd3 27. gxf5 Bxf5
28. Bc2 Rd4 29. Bxf5 Rxf5 30. O-O-O Qg5 31. Kb1 Qf4 32. Qg2 Rg5 33. Qh2 Qf5+
34. Kc1 Rh5 35. Qe2 Rg5 36. Ne4 Qf4+ 37. Kb1 Qf5 38. Ka1 Rh5 39. Rhg1 Qe6 40.
f4 Rh4 41. Rxd4 cxd4 42. Ng3 Kh7 43. Qg2 Rxf4 44. Qxb7+ Rf7 45. Qc6 Qd7 46. Qd5
Qb7 47. Qxd6 Rf2 48. Rb1 Qf3 49. c5 Qxg3 50. Qd7+ Kg8 51. c6 Rxb2 52. Rxb2 Qe1+
1/2-1/2

[Event "NB I. Charousek csoport"]
[Site "Szombathely"]
[Date "2023.10.15"]
[Round "2.11"]
[White "Csoli, Odon"]
[Black "Apro, Barnabas"]
[Result "1/2-1/2"]
[WhiteElo "2104"]
[BlackElo "2006"]
[PlyCount "65"]
[EventDate "2023.10.08"]
[EventType "team-tourn"]
[EventRounds "11"]
[EventCountry "HUN"]
[Source "chess.hu"]
[WhiteTeam "Biatorbagy II"]
[BlackTeam "Haladas VSE II."]
[WhiteTeamCountry "HUN"]
[BlackTeamCountry "HUN"]

1. d4 d5 2. c4 e6 3. Nc3 Bb4 4. cxd5 exd5 5. Nf3 Nf6 6. Bg5 h6 7. Bxf6 Qxf6 8.
e3 O-O 9. Qb3 c5 10. Be2 Nc6 11. O-O c4 12. Qd1 Bxc3 13. bxc3 Bf5 14. Nd2 Rfe8
15. e4 Bxe4 16. Nxe4 dxe4 17. Bxc4 Rac8 18. Rc1 Na5 19. Bb3 Nc4 20. Qe2 b5 21.
a4 a6 22. axb5 axb5 23. Rfd1 Qd6 24. Qh5 Qd7 25. Re1 Nb2 26. Rc2 Nd3 27. Rd1 b4
28. cxb4 Rxc2 29. Bxc2 Qxd4 30. Qe2 Rc8 31. h3 Qxb4 32. Bxd3 exd3 33. Qxd3
1/2-1/2

[Event "NB I. Charousek csoport"]
[Site "Szombathely"]
[Date "2023.10.15"]
[Round "2.12"]
[White "Gaal, Ede"]
[Black "Nagy, Aron"]
[Result "1-0"]
[WhiteElo "1985"]
[BlackElo "2112"]
[PlyCount "77"]
[EventDate "2023.10.08"]
[EventType "team-tourn"]
[EventRounds "11"]
[EventCountry "HUN"]
[Source "chess.hu"]
[WhiteTeam "Haladas VSE II."]
[BlackTeam "Biatorbagy II"]
[WhiteTeamCountry "HUN"]
[BlackTeamCountry "HUN"]

1. e4 c6 2. d4 d5 3. e5 c5 4. c3 Nc6 5. Nf3 cxd4 6. cxd4 Bg4 7. Be2 e6 8. O-O
Qb6 9. Be3 Bxf3 10. Bxf3 Qxb2 11. Nd2 Rb8 12. Nb3 Nge7 13. Bc1 Qc3 14. Ba3 Qc4
15. Be2 Qa4 16. Bd6 Rc8 17. Qd2 Nf5 18. Bxf8 Rxf8 19. Rac1 Ke7 20. Rfd1 Nfxd4
21. Qg5+ f6 22. Qxg7+ Rf7 23. exf6+ Kd6 24. Qxf7 Nxe2+ 25. Kh1 Nxc1 26. Rxc1 b6
27. Re1 e5 28. Qxh7 Qxa2 29. f4 e4 30. Nd4 Nxd4 31. Qe7+ Kc6 32. f7 Nc2 33.
Qe8+ Kb7 34. Qxc8+ Kxc8 35. f8=Q+ Kb7 36. Qe7+ Ka6 37. Rg1 e3 38. f5 Nd4 39.
Qxe3 1-0

[Event "NB I. Charousek csoport"]
[Site "Gyor"]
[Date "2023.11.12"]
[Round "2.1"]
[White "Horvath, Adam"]
[Black "Vertetics, Attila"]
[Result "1-0"]
[WhiteElo "2429"]
[BlackElo "2459"]
[PlyCount "51"]
[EventDate "2023.10.08"]
[EventType "team-tourn"]
[EventRounds "11"]
[EventCountry "HUN"]
[Source "chess.hu"]
[WhiteTeam "Z.Csuti-Hydrocomp SK"]
[BlackTeam "Gyori Elektromos"]
[WhiteTeamCountry "HUN"]
[BlackTeamCountry "HUN"]

1. e4 c6 2. d4 d5 3. e5 Bf5 4. h4 h5 5. Bg5 Qb6 6. Bd3 Bxd3 7. Qxd3 e6 8. Nd2
Ne7 9. Ngf3 Nf5 10. O-O Nd7 11. c4 Qa6 12. Qc3 dxc4 13. Nxc4 Nb6 14. Ne3 Ne7
15. Qc2 Rd8 16. a4 Nbd5 17. Nc4 Rd7 18. Nd6+ Rxd6 19. exd6 Nf5 20. Rfe1 g6 21.
Rxe6+ fxe6 22. Qe4 Bxd6 23. Qxe6+ Kf8 24. Qxg6 Qd3 25. Re1 Nc7 26. Be7+ 1-0

[Event "NB I. Charousek csoport"]
[Site "Gyor"]
[Date "2023.11.12"]
[Round "2.2"]
[White "Farkas, Lajos Dr"]
[Black "Meszaros, Tamas"]
[Result "0-1"]
[WhiteElo "2191"]
[BlackElo "2373"]
[PlyCount "94"]
[EventDate "2023.10.08"]
[EventType "team-tourn"]
[EventRounds "11"]
[EventCountry "HUN"]
[Source "chess.hu"]
[WhiteTeam "Gyori Elektromos"]
[BlackTeam "Z.Csuti-Hydrocomp SK"]
[WhiteTeamCountry "HUN"]
[BlackTeamCountry "HUN"]

1. d4 Nf6 2. Nf3 e6 3. b3 c5 4. e3 Nc6 5. Bb2 d5 6. Nbd2 Be7 7. a3 O-O 8. Ne5
cxd4 9. exd4 Qb6 10. Ndf3 Ne4 11. Be2 f6 12. Nd3 Bd7 13. O-O Rac8 14. Nc1 Na5
15. Ra2 Bb5 16. Bd3 Bxd3 17. Nxd3 Rc6 18. Nd2 Rfc8 19. Nxe4 dxe4 20. Nb4 Bxb4
21. axb4 Rxc2 22. bxa5 Qxb3 23. Ra1 Rxb2 24. Qg4 Qd5 25. a6 b5 26. Rac1 Rbc2
27. Rxc2 Rxc2 28. Qf4 Qxd4 29. Qb8+ Kf7 30. Qxb5 e3 31. Qh5+ Kf8 32. Qxh7 exf2+
33. Kh1 Qc4 34. Qh8+ Kf7 35. Qh5+ Ke7 36. Qd1 e5 37. h3 e4 38. Kh2 e3 39. Qf3
Rc3 40. Rb1 Rb3 41. Rxb3 Qxb3 42. Qb7+ Qxb7 43. axb7 e2 44. b8=Q e1=Q 45. Qxa7+
Kf8 46. Qa8+ Kf7 47. Qd5+ Kg6 0-1

[Event "NB I. Charousek csoport"]
[Site "Gyor"]
[Date "2023.11.12"]
[Round "2.3"]
[White "Nagy, Kristof"]
[Black "Schmikli, Laszlo"]
[Result "1-0"]
[WhiteElo "2213"]
[BlackElo "2171"]
[PlyCount "113"]
[EventDate "2023.10.08"]
[EventType "team-tourn"]
[EventRounds "11"]
[EventCountry "HUN"]
[Source "chess.hu"]
[WhiteTeam "Z.Csuti-Hydrocomp SK"]
[BlackTeam "Gyori Elektromos"]
[WhiteTeamCountry "HUN"]
[BlackTeamCountry "HUN"]

1. d4 d5 2. Nf3 Nc6 3. Bf4 f6 4. e3 g5 5. Bg3 h5 6. h4 g4 7. Nfd2 e5 8. Bb5 Bd6
9. c4 a6 10. Bxc6+ bxc6 11. c5 Be7 12. dxe5 fxe5 13. Bxe5 Rh6 14. Bf4 Re6 15.
Qc2 Rb8 16. Nc3 d4 17. Nce4 Qd5 18. Ng5 g3 19. Nxe6 gxf2+ 20. Kxf2 Bxe6 21. e4
Qd7 22. b3 Nf6 23. Qd3 Ng4+ 24. Ke2 Bxc5 25. Nf3 Bb6 26. Ne5 Nxe5 27. Bxe5 Bg4+
28. Kf2 c5 29. Kg3 Qe6 30. Bf4 Qg6 31. Kh2 Kd7 32. Rhf1 Be6 33. Rae1 a5 34. Bg5
Qg8 35. Rf6 c4 36. bxc4 Bxc4 37. Qa3 Be6 38. Ref1 Re8 39. Rf8 Qg7 40. Qa4+ c6
41. Rxe8 Bc7+ 42. Kh1 Kxe8 43. Qxc6+ Qd7 44. Qa8+ Qc8 45. Qxc8+ Bxc8 46. Rc1
Kd7 47. Rd1 Be5 48. Be3 Ke6 49. Bxd4 Bg3 50. Rd3 Bxh4 51. Rh3 Be1 52. Rxh5 Kf7
53. Rc5 Be6 54. Bc3 Bxc3 55. Rxc3 Bxa2 56. Ra3 Bb1 57. e5 1-0

[Event "NB I. Charousek csoport"]
[Site "Gyor"]
[Date "2023.11.12"]
[Round "2.4"]
[White "Borzsei, Andras"]
[Black "Pogany, Zsombor"]
[Result "0-1"]
[WhiteElo "2036"]
[BlackElo "2211"]
[PlyCount "128"]
[EventDate "2023.10.08"]
[EventType "team-tourn"]
[EventRounds "11"]
[EventCountry "HUN"]
[Source "chess.hu"]
[WhiteTeam "Gyori Elektromos"]
[BlackTeam "Z.Csuti-Hydrocomp SK"]
[WhiteTeamCountry "HUN"]
[BlackTeamCountry "HUN"]

1. d4 Nf6 2. c4 g6 3. Nc3 d5 4. cxd5 Nxd5 5. Bd2 Bg7 6. e4 Nxc3 7. Bxc3 O-O 8.
Qd2 Nc6 9. Nf3 Bg4 10. d5 Bxf3 11. gxf3 Ne5 12. Be2 c6 13. f4 Nd7 14. Bxg7 Kxg7
15. dxc6 bxc6 16. O-O-O Nf6 17. Qxd8 Rfxd8 18. Bf3 Kh6 19. Rxd8 Rxd8 20. Rd1
Rxd1+ 21. Kxd1 Nh5 22. f5 Kg5 23. fxg6 hxg6 24. Ke2 Nf4+ 25. Ke3 e5 26. b4 Kf6
27. Bd1 Ke7 28. Bb3 f6 29. Bc4 Kd6 30. a4 Ng2+ 31. Ke2 Kc7 32. f3 c5 33. b5 Kb6
34. Bf7 Ka5 35. Kd3 Kb4 36. Be8 Nf4+ 37. Kc2 g5 38. a5 Kxa5 39. Kc3 Kb6 40. Kc4
Ne6 41. Bd7 Nd4 42. h3 Nxf3 43. Kd3 Kc7 44. Bg4 Nd4 45. Kc4 Kd6 46. Bc8 Nc2 47.
Kb3 Nd4+ 48. Kc4 Ne2 49. Kd3 Ng3 50. Bb7 Nh5 51. Bc8 Ng7 52. Bg4 Ne6 53. Kc4
Nc7 54. Bc8 Na8 55. Bb7 Nb6+ 56. Kc3 Kc7 57. Ba6 Kd6 58. Bb7 Ke6 59. Kd3 c4+
60. Kc3 f5 61. exf5+ Kxf5 62. Bf3 Kf4 63. Bg4 Ke3 64. Bf5 e4 0-1

[Event "NB I. Charousek csoport"]
[Site "Gyor"]
[Date "2023.11.12"]
[Round "2.5"]
[White "Csiszar, Zoltan"]
[Black "Solymosi, Istvan"]
[Result "1-0"]
[WhiteElo "2248"]
[BlackElo "2126"]
[PlyCount "69"]
[EventDate "2023.10.08"]
[EventType "team-tourn"]
[EventRounds "11"]
[EventCountry "HUN"]
[Source "chess.hu"]
[WhiteTeam "Z.Csuti-Hydrocomp SK"]
[BlackTeam "Gyori Elektromos"]
[WhiteTeamCountry "HUN"]
[BlackTeamCountry "HUN"]

1. d4 Nf6 2. c4 c5 3. d5 b5 4. cxb5 a6 5. f3 d6 6. e4 g6 7. Na3 Bg7 8. Ne2 O-O
9. Nc3 Nbd7 10. Be2 axb5 11. Naxb5 Ba6 12. O-O Qa5 13. Bd2 Rfb8 14. Qc2 Qb6 15.
Be3 Qa5 16. Bd2 Qb6 17. Bc4 Ne8 18. a4 Nc7 19. Rab1 Qb7 20. b3 Bxc3 21. Nxc3
Bxc4 22. bxc4 Qa6 23. Rxb8+ Nxb8 24. Nb5 Nxb5 25. axb5 Qa2 26. Qxa2 Rxa2 27.
Bc3 Nd7 28. Ra1 Rxa1+ 29. Bxa1 Nb6 30. Kf1 Nxc4 31. Bc3 e6 32. Ke2 exd5 33.
exd5 Nb6 34. Kd3 Nxd5 35. Ba5 1-0